Statistics for World Cities Scramble

Click here to take the quiz!

General Stats

  • This quiz has been taken 52 times
  • The average score is 15 of 16

Answer Stats

HintAnswer% Correct
dolonnlondon
100%
cwosommoscow
100%
rpaisparis
100%
ooytktokyo
100%
dbiaudubai
98%
yenworknew york
98%
ontorottoronto
98%
hideldelhi
96%
moerrome
96%
amillima
93%
iamimmiami
93%
riddammadrid
91%
losueseoul
91%
blerniberlin
87%
jiibngebeijing
80%
bultsaniistanbul
74%

Score Distribution

Percentile by Number Answered

Percent of People with Each Score

Your Score History

You have not taken this quiz